| 000 | 00434nam a2200157Ia 4500 | ||
|---|---|---|---|
| 008 | 240126s9999 xx 000 0 und d | ||
| 041 | _aEnglish | ||
| 082 | _a515.83 SHY;1 R | ||
| 100 | _aShyam, Vadlamani. | ||
| 245 | 0 | _aPragati's solutions to problems in calculus of one variable | |
| 260 |
_bPragati prakashana _aMeerut |
||
| 300 | _a399 | ||
| 440 | _aNULL | ||
| 650 | _aPragati's,solutions,calculus,variable | ||
| 942 | _cPU | ||
| 999 |
_c275389 _d275389 |
||